000 00300nam a22001337a 4500
008 181006b xxu||||| |||| 00| 0 eng d
020 _a0395483174
041 _aeng
080 _a038
100 _a23
101 _aFJA
245 _aRoget's II. The New Thesaurus
_cSaukhanov, A.H
942 _2udc
_cBK
999 _c48936
_d48936